Local traditional structures in Sudan : (Record no. 51122)
[ view plain ]
| 000 -LEADER | |
|---|---|
| fixed length control field | 00925nam a22002417a 4500 |
| 008 - FIXED-LENGTH DATA ELEMENTS--GENERAL INFORMATION | |
| fixed length control field | 170713b xxu||||| |||| 00| 0 eng d |
| 020 ## - INTERNATIONAL STANDARD BOOK NUMBER | |
| International Standard Book Number | 9789187748813 |
| 050 ## - LIBRARY OF CONGRESS CALL NUMBER | |
| Classification number | JZ5584.S83 |
| Item number | .B33 2006 |
| 100 ## - MAIN ENTRY--PERSONAL NAME | |
| Personal name | Badal, Raphael K. |
| 245 ## - TITLE STATEMENT | |
| Title | Local traditional structures in Sudan : |
| Remainder of title | a base for building civil society for the promotion of peace and reconciliation |
| Statement of responsibility, etc | Raphael K. Badal, |
| 260 ## - PUBLICATION, DISTRIBUTION, ETC. (IMPRINT) | |
| Place of publication, distribution, etc | Nairobi, kenya: |
| Name of publisher, distributor, etc | Life & Peace Institute, |
| Date of publication, distribution, etc | 2006 |
| 300 ## - PHYSICAL DESCRIPTION | |
| Extent | 153p. : |
| Dimensions | 25cm. |
| 500 ## - GENERAL NOTE | |
| General note | Includes bibliographical references |
| 650 ## - SUBJECT ADDED ENTRY--TOPICAL TERM | |
| Topical term or geographic name as entry element | Low-intensity conflicts (Military science) |
| Geographic subdivision | Sudan |
| 650 ## - SUBJECT ADDED ENTRY--TOPICAL TERM | |
| Topical term or geographic name as entry element | Peace-building |
| General subdivision | Case studies |
| Geographic subdivision | Sudan |
| 650 ## - SUBJECT ADDED ENTRY--TOPICAL TERM | |
| Topical term or geographic name as entry element | Insurgency |
| Form subdivision | Case studies |
| Geographic subdivision | Sudan |
| 650 ## - SUBJECT ADDED ENTRY--TOPICAL TERM | |
| Topical term or geographic name as entry element | Reconciliation |
| Form subdivision | Case studies |
| 651 ## - SUBJECT ADDED ENTRY--GEOGRAPHIC NAME | |
| Relator term | Sudan| |
| General subdivision | Politics and government |
| 651 ## - SUBJECT ADDED ENTRY--GEOGRAPHIC NAME | |
| Relator term | Sudan |
| General subdivision | Economic conditions |
| 651 ## - SUBJECT ADDED ENTRY--GEOGRAPHIC NAME | |
| Relator term | Sudan |
| General subdivision | Economic policy |
| 651 ## - SUBJECT ADDED ENTRY--GEOGRAPHIC NAME | |
| Relator term | Sudan |
| General subdivision | Ethnic relations |
| 942 ## - ADDED ENTRY ELEMENTS (KOHA) | |
| Source of classification or shelving scheme | Library of Congress Classification |
| Item type | Book |
| Withdrawn status | Lost status | Source of classification or shelving scheme | Damaged status | Not for loan | Collection code | Home library | Current library | Shelving location | Date acquired | Source of acquisition | Cost, normal purchase price | Total Checkouts | Full call number | Barcode | Date last borrowed | Copy number | Price effective from | Koha item type |
|---|---|---|---|---|---|---|---|---|---|---|---|---|---|---|---|---|---|---|
| Library of Congress Classification | Non-fiction | Bishop Okullu Memorial Library (Limuru Campus) | Bishop Okullu Memorial Library (Limuru Campus) | General Circulation | 13/07/2017 | Donations | 1000.00 | 1 | JZ5584.S83 .B33 2006 | 054398 | 24/10/2018 | 1 | 13/07/2017 | Book |